000 00326nam a22001337a 4500
020 _a0824206592
082 _a025.21 BRO
100 _aBroadus N. Robert
245 _aSelecting Materials for Libraries
260 _aNEW YORK
_bTHE H. W. WILSON COMPANY
_c1981
300 _ax,469p
_bill.;22cm
500 _aINDEX
942 _cBK
999 _c19144
_d19144